000 00609nam a2200241 a 4500
001 nice12345678
003 IN_TiNIC
005 20260116012041.0
008 050524s1950 newa grp 000 0 eng
020 _a
_c134.75
082 0 0 _a201
_bBUT
100 _aButtrick, George A
245 _aSo We Believe So We Pray
_b the Essence of Our Christian Faith
260 _aNew York
_bAbingdon Press
_c1950
300 _a256p
500 _aincludes index and biblioraphy
505 2 _aIndex
650 _aChristianity
700 1 _aButtrick, George A
902 _bSRS
942 _cBK
999 _c5429
_d5429